000 00371nam a22001457a 4500
005 20160127152832.0
008 160127b xxu||||| |||| 00| 0 eng d
040 _cPK-LaUMT
082 _aAMC 959.704
_bBER-W
100 _aBertrand russell
245 _aWar crimes in vietnam
_cBertrand russell
260 _aLondon
_bGeorge allen
_c1967
300 _a178 p.
942 _cBK
999 _c82382
_d82382